Kryptomenové burzy a ich perspektívy bakalárska práca

Salvato in:
Dettagli Bibliografici
Autore principale: Rybár, Jakub
Ente Autore: Obchodná fakulta EU. Katedra medzinárodného obchodu
Altri autori: Petrovič, Marek, 1992-
Natura: Libro
Lingua:slovacco
Pubblicazione: Bratislava 2024
Tags: Aggiungi Tag
Nessun Tag, puoi essere il primo ad aggiungerne!!

MARC

LEADER 00000nbm a2200000 4500
001 0302369
005 20250804102230.3
041 0 |a slo 
044 |a SK 
245 1 0 |a Kryptomenové burzy a ich perspektívy  |b bakalárska práca  |c Jakub Rybár ; školiteľ: Marek Petrovič 
264 1 |a Bratislava  |c 2024 
300 |a 56 s. 
100 1 |a Rybár, Jakub 
700 1 |a Petrovič, Marek, 1992- 
710 2 |a Obchodná fakulta EU. Katedra medzinárodného obchodu